Gaming Quiz

Random Gaming or Video Games Quiz

Tough Video Game Music Quiz DELUXE (70+ Tracks) Stats

Quiz not verified by Sporcle

Challenge
Share
Tweet
If you can not see this chirbit, listen to it here http://chirb.it/tqz1EP Check this out on Chirbit
Score 0/75 Timer 20:00
0 Plays Today
Time Game % Correct
0:00-0:13Danganronpa 2
53.1%
2:45-3:03Nier
38.8%
18:00-18:15Blue Dragon
36.7%
12:54-13:09Bravely Default
28.6%
15:50-16:06Xenoblade Chronicles
28.6%
12:02-12:20Bayonetta
22.4%
6:01-6:25Pokemon Colosseum
20.4%
14:14-14:27Capcom vs. SNK 2: Mark of the Millennium 2001
20.4%
9:40-9:54Transistor
18.4%
9:55-10:13Guilty Gear Xrd: -Sign-
18.4%
1:55-2:09Super Monkey Ball 2
16.3%
9:24-9:39Double Dragon Neon
16.3%
10:31-10:45Devil May Cry
16.3%
3:23-3:40Atelier Ayesha: The Alchemist of Dusk
14.3%
5:44-6:00Suikoden 3
14.3%
8:47-9:03Kirby and the Rainbow Curse
14.3%
10:46-10:58Castlevania Chronicles
14.3%
11:47-12:01Drakengard 3
14.3%
18:48-19:04Disgaea 2
14.3%
7:03-7:18Killer7
12.2%
7:44-8:09Lost Odyssey
12.2%
14:00-14:13Pictionary (NES)
12.2%
16:40-16:55Hyrule Warriors
12.2%
4:32-4:50Zone of the Enders
10.2%
13:28-13:47Wolfenstein: The New Order
10.2%
14:28-14:44Atelier Rorona: The Alchemist of Arland
10.2%
0:14-0:28Crimson Dragon
8.2%
1:40-1:54Ripple Dot Zero
8.2%
4:00-4:13Mega Man X: Command Mission
8.2%
6:26-6:41Hyperdimension Neptunia Re;Birth1
8.2%
6:42-7:02Shin Megami Tensei: Devil Survivor 2
8.2%
7:19-7:43Viewtiful Joe
8.2%
8:10-8:24Thunder Force IV
8.2%
11:14-11:28Ys Seven
8.2%
14:45-15:03Arcanum: Of Steamworks and Magic Obscura
8.2%
15:35-15:49Legaia 2: Duel Saga
8.2%
18:16-18:36Killer is Dead
8.2%
0:29-0:49Under Night In-Birth Exe: Late
6.1%
Time Game % Correct
1:08-1:24Adventure Time - Hey Ice King! Why'd You Steal Our Garbage!!
6.1%
1:25-1:39Rule of Rose
6.1%
5:11-5:25Professor Layton vs. Phoenix Wright: Ace Attorney?Professor Layton vs Phoenix Wright
6.1%
8:25-8:46Dragonseeds
6.1%
10:59-11:13Mana Khemia: Alchemists of Al-Revis
6.1%
12:21-12:36Unreal Tournament
6.1%
12:37-12:53Voodoo Vince
6.1%
15:22-15:34Chaos Legion
6.1%
17:13-17:28Sword of Mana
6.1%
17:29-17:42Final Fantasy XIV: A Realm Reborn
6.1%
17:43-17:59Azure Striker Gunvolt
6.1%
19:05-19:19Yakuza 4
6.1%
0:50-1:07Brandish: The Dark Revenant
4.1%
2:10-2:21Cadillacs and Dinosaurs
4.1%
2:22-2:32Luminous Arc 2
4.1%
2:33-2:44Driver 2
4.1%
3:04-3:22Sonic and the Black Knight
4.1%
3:41-3:59Way of the Samurai
4.1%
4:51-5:10Senran Kagura: Shinovi Versus
4.1%
5:26-5:43Payday 2
4.1%
9:04-9:23Star Parodier
4.1%
13:10-13:27Demon's Score
4.1%
13:48-13:59Namco Museum Volume 5
4.1%
15:04-15:21Vigilante 8
4.1%
16:07-16:22Terra Battle
4.1%
16:56-17:12Bullet Witch
4.1%
18:37-18:47Space Station Silicon Valley
4.1%
19:34-19:50 (IMPORT)The Legend of Heroes: Sen no Kiseki II
4.1%
19:51-20:05 (IMPORT)The Sword of Etheria
4.1%
20:23-20:41 (IMPORT)The Last Ranker
4.1%
4:14-4:31Sorcerian
2%
10:14-10:30Valkyrie Profile: Covenant of the Plume
2%
11:29-11:46Overlord (NES)
2%
16:23-16:39NBA in the Zone 2
2%
19:20-19:33Onimusha 3: Demon Siege
2%
20:06-20:22 (IMPORT)Beyond the Labyrinth
2%
20:42-20:55 (IMPORT)XII Stag
2%

You're not logged in!

Compare scores with friends on all Sporcle quizzes.
Sign Up with Email
OR
Log In

You Might Also Like...

Show Comments

Extras

Top Quizzes Today


Score Distribution

Your Account Isn't Verified!

In order to create a playlist on Sporcle, you need to verify the email address you used during registration. Go to your Sporcle Settings to finish the process.